| 000 -CABECERA |
| campo de control de longitud fija |
01654nam a22003257a 4500 |
| 003 - IDENTIFICADOR DEL NÚMERO DE CONTROL |
| campo de control |
OSt |
| 005 - FECHA Y HORA DE LA ÚLTIMA TRANSACCIÓN |
| campo de control |
20251118170152.0 |
| 008 - DATOS DE LONGITUD FIJA--INFORMACIÓN GENERAL |
| campo de control de longitud fija |
251118b ||||| |||| 00| 0 spa d |
| 020 ## - NÚMERO INTERNACIONAL ESTÁNDAR DEL LIBRO |
| Número Internacional Estándar del Libro |
9786287734951 |
| 040 ## - FUENTE DE LA CATALOGACIÓN |
| Centro/agencia transcriptor |
CO-Mq BPB |
| 041 0# - CÓDIGO DE LENGUA |
| Código de lengua del texto/banda sonora o título independiente |
spa |
| 043 ## - CÓDIGO DE ÁREA GEOGRÁFICA |
| Código de área geográfica |
s-ve--- |
| 084 ## - OTRO NÚMERO DE CLASIFICACIÓN |
| Número de clasificación |
NG |
| Número de documento/Ítem |
GUAn |
| 100 ## - ENTRADA PRINCIPAL--NOMBRE DE PERSONA |
| Nombre de persona |
Guarisco, Laura |
| Fechas asociadas al nombre |
1991- |
| Término indicativo de función/relación |
aut |
| 9 (RLIN) |
291772 |
| 245 10 - MENCIÓN DE TÍTULO |
| Título |
Nido / |
| Mención de responsabilidad, etc. |
Laura Guarisco. |
| 250 ## - MENCIÓN DE EDICIÓN |
| Mención de edición |
Edición especial |
| 264 #1 - PRODUCCIÓN, PUBLICACIÓN, DISTRIBUCIÓN, FABRICACIÓN Y COPYRIGHT |
| Producción, publicación, distribución, fabricación y copyright |
Bogotá, Colombia : |
| Nombre del de productor, editor, distribuidor, fabricante |
Planeta, |
| Fecha de producción, publicación, distribución, fabricación o copyright |
2024 |
| 300 ## - DESCRIPCIÓN FÍSICA |
| Extensión |
190 páginas : |
| Otras características físicas |
ilustraciones a color, tapa rustica; |
| Dimensiones |
23 cm |
| 336 ## - TIPO DE CONTENIDO |
| Término de tipo de contenido |
texto |
| Código de tipo de contenido |
txt |
| Fuente |
rdacontent |
| 337 ## - TIPO DE MEDIO |
| Nombre/término del tipo de medio |
sin mediación |
| Código del tipo de medio |
n |
| Fuente |
rdamedia |
| 338 ## - TIPO DE SOPORTE |
| Nombre/término del tipo de soporte |
volumen |
| Código del tipo de soporte |
nc |
| Fuente |
rdacarrier |
| 520 ## - SUMARIO, ETC. |
| Sumario, etc. |
En esta obra de autoficción, la autora retrata con sencillez y precisión su propia experiencia de vida, pero también la de muchos otros compatriotas: el desarraigo, la nostalgia, el temor, la xenofobia, el desamparo y la esperanza. Ángel es uno de los más de siete millones venezolanos que tuvo que abandonar su nido. Desde ser domiciliario de Rappi, hasta ser arquitecto; desde el abandono de la patria, hasta el encuentro con un nuevo nido. Esta obra es necesaria para entender, desde un autor/protagonista real, un tema de importancia mundial: la migración |
| Identificador Uniforme del Recurso |
<a href="https://www.tornamesa.co/libro/nido_109957">https://www.tornamesa.co/libro/nido_109957</a> |
| 521 ## - NOTA DE PÚBLICO DESTINATARIO |
| Nota de público destinatario |
Recomendado para un público mayor de 18 años |
| 650 07 - PUNTO DE ACCESO ADICIONAL DE MATERIA--TÉRMINO DE MATERIA |
| Término de materia o nombre geográfico como elemento de entrada |
Esperanza en la literatura |
| Fuente del encabezamiento o término |
rnbp |
| 9 (RLIN) |
17746 |
| 650 07 - PUNTO DE ACCESO ADICIONAL DE MATERIA--TÉRMINO DE MATERIA |
| Término de materia o nombre geográfico como elemento de entrada |
Inmigrantes en la literatura |
| Fuente del encabezamiento o término |
rnbp |
| 9 (RLIN) |
17528 |
| 650 04 - PUNTO DE ACCESO ADICIONAL DE MATERIA--TÉRMINO DE MATERIA |
| Término de materia o nombre geográfico como elemento de entrada |
Literatura venezolana |
| Subdivisión cronológica |
Siglo XXI |
| 9 (RLIN) |
8702 |
| 650 04 - PUNTO DE ACCESO ADICIONAL DE MATERIA--TÉRMINO DE MATERIA |
| Término de materia o nombre geográfico como elemento de entrada |
Novela gráfica venezolana |
| Subdivisión cronológica |
Siglo XXI |
| 9 (RLIN) |
291773 |
| 650 07 - PUNTO DE ACCESO ADICIONAL DE MATERIA--TÉRMINO DE MATERIA |
| Término de materia o nombre geográfico como elemento de entrada |
Xenofobia en la literatura |
| Fuente del encabezamiento o término |
rnbp |
| 9 (RLIN) |
34830 |
| 942 ## - ELEMENTOS DE PUNTO DE ACCESO ADICIONAL (KOHA) |
| Tipo de ítem Koha |
Libro Literatura |